书目信息 |
| 题名: |
防止房屋和建筑物破坏的避震装置
|
|
| 作者: | 泽联科夫 著 ;徐宗和 译 | |
| 分册: | ||
| 出版信息: | 北京 地震出版社 1981 |
|
| 页数: | 49页 | |
| 开本: | 21cm | |
| 丛书名: | ||
| 单 册: | ||
| 中图分类: | TU894 | |
| 科图分类: | ||
| 主题词: | 房屋建筑设备:安全设备 | |
| 电子资源: | ||
| ISBN: | ||
| 000 | 00676nam0 2200205 45 | |
| 001 | 0181011539 | |
| 005 | 20060519103711.21 | |
| 010 | @dCNY0.25 | |
| 100 | @a20810111d1981 km y0chiy0120 ea | |
| 101 | 0 | @achi |
| 102 | @aCN@b110000 | |
| 200 | 1 | @a防止房屋和建筑物破坏的避震装置@Afang zhi fang wu he jian zhu wu po huai de bi zhen zhuang zhi@f(苏)Ф·Д·泽联科夫著@F(su)Ф·Д·ze lian ke fu zhu@g徐宗和译@Gxu zong he yi |
| 210 | @a北京@c地震出版社@d1981 | |
| 215 | @a49页@d21cm | |
| 606 | 0 | @a房屋建筑设备:安全设备 |
| 690 | @aTU894 | |
| 701 | 0 | @a泽联科夫@Aze lian ke fu@4著 |
| 702 | 0 | @a徐宗和@Axu zong he@4译 |
| 801 | @aCN@bTSTC@c20060519 | |
| 905 | @dTU894@e3@f3@b59794-96 | |
| 防止房屋和建筑物破坏的避震装置/(苏)Ф·Д·泽联科夫著/徐宗和译.-北京:地震出版社,1981 |
| 49页;21cm |
| ISBN :CNY0.25 |
| ● |
| 相关链接 |
|
|
|
|
正题名:防止房屋和建筑物破坏的避震装置
索取号:TU894/3
 
预约/预借
| 序号 | 登录号 | 条形码 | 馆藏地/架位号 | 状态 | 备注 |
| 1 | 0059794 | 202364510 | 密集书库/ [索取号:TU894/3] | 在馆 | |
| 2 | 0059795 | 202364477 | 密集书库/ [索取号:TU894/3] | 在馆 | |
| 3 | 0059796 | 001481765 | 密集书库/ [索取号:TU894/3] | 在馆 |